| 000 | 00638nam a2200193Ia 4500 | ||
|---|---|---|---|
| 003 | GCL | ||
| 008 | 140319s9999 xx 000 0 ara d | ||
| 040 |
_aGCL / _cGCL |
||
| 082 | 0 | 4 |
_a690 _bس م |
| 100 | 1 | _aسعيد على خطاب على | |
| 245 | 1 | 0 |
_aالمناطق المتخلفة عمرانيا وتطويرها الاسكان العشوائى / _cسعيد على خطاب على |
| 260 |
_a[S.N] : _bدار الكتب العلمية للنشر والتوزيع ، _c1993 |
||
| 300 | _a219 ص | ||
| 490 | _a | ||
| 650 | 0 | 4 | _aالمعانى |
| 650 | 0 | 4 | _aالمساكن |
| 650 | 0 | 4 | _aالمبانى - هدم |
| 942 |
_2ddc _cBK |
||
| 999 |
_c54201 _d54201 |
||